Wrestlers by Picture 11: Women of the 80's - Statistics

General Stats
  • This quiz has been taken 38 times
  • The average score is 6 of 16
Answer Stats
Picture Answer % Correct
Miss Elizabeth
97%
Sherri Martel
74%
Wendi Richter
71%
Madusa Miceli
59%
Leilani Kai
50%
Rockin' Robin
38%
Missy Hyatt
35%
Velvet McIntyre
29%
Judy Martin
21%
Precious
18%
Sunshine
15%
Bambi
12%
Luna Vachon
12%
Candi Devine
9%
Lioness Asuka
9%
Princess Victoria
9%
No matching quizzes found
Score Distribution
Percent of People with Each Score
Percentile by Number Answered
Your Score History
You have not taken this quiz